Normal view
MARC view
Entry Personal Name
001 - CONTROL NUMBER
- control field: 62074
003 - CONTROL NUMBER IDENTIFIER
- control field: dpl
005 - DATE AND TIME OF LATEST TRANSACTION
- control field: 20240214164553.0
008 - FIXED-LENGTH DATA ELEMENTS
- fixed length control field: 240214|| aca||aabn | a|a d
040 ## - CATALOGING SOURCE
- Original cataloging agency: dpl
- Transcribing agency: dpl
100 ## - HEADING--PERSONAL NAME
- Personal name: Bovee, Courtland L
670 ## - SOURCE DATA FOUND
- Source citation: Work cat.: (dpl)200740: Bovee, Courtland L, Business Communication Today/, 2022
